Tell me the answer: book 1 (Record no. 325251)
[ view plain ]
| 000 -LEADER | |
|---|---|
| fixed length control field | 00263 a2200109 4500 |
| 001 - CONTROL NUMBER | |
| control field | 90178 |
| 082 ## - DEWEY DECIMAL CLASSIFICATION NUMBER | |
| Classification number | 03122 MUK |
| 090 ## - LOCALLY ASSIGNED LC-TYPE CALL NUMBER (OCLC); LOCAL CALL NUMBER (RLIN) | |
| -- | 42520 |
| -- | 42520 |
| 100 ## - MAIN ENTRY--PERSONAL NAME | |
| Personal name | Indira Mukherjee |
| 245 ## - TITLE STATEMENT | |
| Title | Tell me the answer: book 1 |
| 260 ## - PUBLICATION, DISTRIBUTION, ETC. | |
| Place of publication, distribution, etc. | New delhi |
| Name of publisher, distributor, etc. | Black Well Science |
| Date of publication, distribution, etc. | 1997 |
| 942 ## - ADDED ENTRY ELEMENTS (KOHA) | |
| Institution code [OBSOLETE] | NUST-CAE |
| Call number prefix | 03122 MUK |
| Withdrawn status | Lost status | Damaged status | Not for loan | Collection code | Permanent Location | Current Location | Date acquired | Total Checkouts | Full call number | Barcode | Date last seen | Price effective from | Koha item type |
|---|---|---|---|---|---|---|---|---|---|---|---|---|---|
| College of Aeronautical Engineering (CAE) | College of Aeronautical Engineering (CAE) | 04/03/2017 | 03122 MUK | CAE79858 | 04/05/2017 | 04/05/2017 | Book | ||||||
| College of Aeronautical Engineering (CAE) | College of Aeronautical Engineering (CAE) | 04/03/2017 | 03122 MUK | CAEN-4899 | 04/05/2017 | 04/05/2017 | Book |
